Statistiques concernant Départements Limitrophes Du Vaucluse

Cliquez ici pour prendre le quiz!

Statistiques générales

  • Ce quiz a été pris 53 fois
  • Le résultat moyen est 5 sur 6

Statistiques - réponses

Départements% Correct
Gard
98%
Var
94%
Bouches-du-Rhône
92%
Drôme
90%
Ardèche
88%
Alpes-de-Haute-Provence
82%

Distribution des résultats

Percentile par nombre de réponses

% des personnes avec chaque résultat

Votre développement - résultats

Vous n’avez pas pris ce quiz